Výrobní stroje, automatizace a robotizace ve strojírenství : Sborník přednášek. Sekce 3. Průmyslové roboty a automatizace. Mezinárodní kongres /

Saved in:
Bibliographic Details
Format: Book
Published: Praha : České vysoké učení technické v Praze, 2000
Subjects:
Tags: Add Tag
No Tags, Be the first to tag this record!

MARC

LEADER 00000nam a22000003a 4500
001 stu54520
005 20150408175850.4
008 000629s2000----xr----------------------d
020 |a 80-238-5539-5 
040 |a STU  |b slo 
041 0
044 |a xr 
080 |a 681.5(082) 
245 |a Výrobní stroje, automatizace a robotizace ve strojírenství :  |b Sborník přednášek. Sekce 3. Průmyslové roboty a automatizace. Mezinárodní kongres /  |c Praha, 20.-22.6.2000 
260 |a Praha :  |b České vysoké učení technické v Praze,  |c 2000 
300 |a 115 s 
650 7 |a roboty priemyselné  |2 stusub 
650 7 |a automatizácia  |2 stusub 
996 |b 284M010424  |c M*Z-1664  |l MMKN  |s A  |a 24  |w stu54520_0001 
996 |b 284M010425  |c M*Z-1670  |l MMKN  |s A  |a 24  |w stu54520_0002